• 首页
  • 本馆介绍
  • 公告通知
  • 最新文献
  • 馆藏检索
  • 电子资源
  • 读者导购
  • 参考咨询
  • 我的图书馆
  • 登录
  • 详细信息显示
  • 放入我的书架
  • 预约/预借图书
  • 作者相关作品
  • 分类相关作品
  • 丛书相关作品
  • 出版社相关作品

书目信息

  • 表格格式
  • 工作单格式
  • 卡片格式
题名:
耕作学基础知识
    
 
作者: 李孙荣 , 李丕明 著
分册:  
出版信息: 北京   农业出版社  1981
页数: 112页
开本: 19cm
丛书名:
单 册:
中图分类: S34
科图分类:
主题词: 土壤耕作--基本知识
电子资源:
ISBN:
000 00631nam0 2200241 45
001 0181000788
005 20060801091029.34
010    @dCNY0.31
091    @a1614.2377
100    @a19950620d1981 em y0chiy0121 ea
101 0  @achi
102    @aCN@b110000
105    @ay z 000yy
200 10 @a耕作学基础知识@Ageng zuo xue ji chu zhi shi@f李丕明,李孙荣著
210    @a北京@c农业出版社@d1981
215    @a112页@d19cm
606    @a土壤耕作@x基本知识
690    @aS34@v3
701  0 @a李孙荣@Ali sun rong@4著
701  0 @a李丕明@Ali pi ming@4著
801  2 @aCN@bNLC@c20060801
801  0 @aCN@bTSSF
905    @a10447@dS34@e18
    
    耕作学基础知识/李丕明,李孙荣著.-北京:农业出版社,1981
    112页;19cm
    
    
    ISBN :CNY0.31
    
●
相关链接 在E读中查询图书 在五车中查询图书 在当当中查询图书 在豆瓣中查询图书


正题名:耕作学基础知识     索取号:S34/18         预约/预借

序号 登录号 条形码 馆藏地/架位号 状态 备注
1 0439267   204392674   密集书库/ [索取号:S34/18] 在馆    
2 0439277   204392772   密集书库/ [索取号:S34/18] 在馆    
唐山师范学院图书馆 欢迎您!
大连网信软件有限公司© 版权所有